[Event "USA-ch G2"]
[Site "Salt Lake City"]
[Date "1999.08.28"]
[Round "5"]
[White "Kaidanov, Grigory S"]
[Black "Finegold, Benjamin"]
[Result "1-0"]
[WhiteElo "2611"]
[BlackElo "2500"]

1.e4 c5 2.Nf3 Nc6 3.d4 cxd4 4.Nxd4 Nf6 5.Nc3 d6 6.Bg5 e6 7.Qd2 Be7 8.O-O-O Nxd4
9.Qxd4 O-O 10.f4 Qa5 11.Kb1 h6 12.h4 e5 13.Qd3 exf4 14.Bxf4 Be6 15.Be2 Rac8
16.Nd5 Bxd5 17.exd5 Rc5 18.Bf3 Rfc8 19.Rhe1 Qa4 20.g3 Bf8 21.Re2 b5 22.Be3 R5c7
23.Bd4 Nd7 24.h5 Ne5 25.Bxe5 dxe5 26.Qf5 Bd6 27.Be4 Kf8 28.Rf2 Ke8 29.Qh7 Rd7
30.Bg6 Qg4 31.Qg8+ Bf8 32.Rdf1  1-0

[Event "USA-ch G2"]
[Site "Salt Lake City"]
[Date "1999.08.29"]
[Round "6"]
[White "Finegold, Benjamin"]
[Black "De Firmian, Nick E"]
[Result "1-0"]
[WhiteElo "2500"]
[BlackElo "2598"]

1.d4 Nf6 2.c4 c5 3.d5 g6 4.Nc3 Bg7 5.e4 d6 6.h3 O-O 7.Nf3 e6 8.Bd3 Na6 9.O-O Nc7
10.Re1 e5 11.Rb1 Nd7 12.Qc2 f6 13.a3 Rf7 14.b4 Qf8 15.Bd2 Bh6 16.Rf1 b6 17.Nd1 Bxd2
18.Nxd2 Ne8 19.Ne3 Qe7 20.g3 Ng7 21.Kg2 h5 22.Rbe1 a5 23.b5 Nf8 24.f4 exf4
25.gxf4 Ra7 26.Kh2 Qe8 27.Nf3 Rae7 28.Qg2 f5 29.e5 dxe5 30.fxe5 f4 31.Nd1 Bf5
32.Nf2 Nh7 33.Rg1 Nf8 34.e6 Rf6 35.Bxf5 Rxf5 36.Nh4 Qb8 37.Nxg6 f3+ 38.Qg3 Qxg3+
39.Rxg3 Nxg6 40.Rxg6 Kh7 41.Rxg7+ Kxg7 42.d6 Kf6 43.d7  1-0

[Event "US Amateur Team East"]
[Site "Parsippany, NJ USA"]
[Date "2000.03.19"]
[Round "2"]
[White "Kriventsov,S"]
[Black "Finegold,B"]
[Result "1/2-1/2"]
[WhiteElo "2329"]
[BlackElo "2508"]

1.e4 c5 2.Nf3 Nc6 3.d4 cxd4 4.Nxd4 Nf6 5.Nc3 d6 6.f3 e5 7.Nb3 Be7 8.Be3 Be6
9.Nd5 Bxd5 10.exd5 Nb4 11.c4 a5 12.Bd2 b6 13.Bxb4 axb4 14.Qd2 Ra4 15.c5 O-O
16.Bb5 Ra7 17.c6 Qa8  1/2-1/2

[Event "Foxwoods Open"]
[Site "Connecticut USA"]
[Date "2000.04.23"]
[Round "6"]
[White "Kudrin,S"]
[Black "Finegold,B"]
[Result "1-0"]
[WhiteElo "2496"]
[BlackElo "2508"]

1.e4 c5 2.Nf3 Nc6 3.d4 cxd4 4.Nxd4 Nf6 5.Nc3 d6 6.Bg5 e6 7.Qd2 a6 8.Be2 Be7
9.O-O-O Nxd4 10.Qxd4 Qa5 11.f4 O-O 12.e5 dxe5 13.fxe5 Nd5 14.Bxe7 Nxe7 15.Bd3 Nd5
16.Nxd5 exd5 17.Kb1 Be6 18.g4 Rac8 19.g5 Qc5 20.c3 Qxd4 21.cxd4 f6 22.exf6 gxf6
23.Rde1 Rce8 24.Rhg1 fxg5 25.Rxg5+ Kh8 26.Rge5 Bf7 27.Re7 b5 28.a3 Rxe7 29.Rxe7 Bg8
30.Ra7 Rf6 31.a4 Rf3 32.Kc2 Rf2+ 33.Kc3 bxa4 34.Rxa6 Rxh2 35.Rxa4 h5 36.b4 Rf2
37.Ra6 Kg7 38.Rg6+ Kf8 39.Rh6 Bf7 40.b5 Kg7 41.Rc6  1-0

[Event "World Open"]
[Site "Philadelphia USA"]
[Date "2000.07.03"]
[Round "7"]
[White "Finegold,B"]
[Black "Karklins,A"]
[Result "1/2-1/2"]
[WhiteElo "2508"]
[BlackElo "2317"]

1.d4 Nf6 2.c4 e6 3.Nc3 Bb4 4.Qc2 Nc6 5.Nf3 d6 6.a3 Bxc3+ 7.Qxc3 a5 8.b3 O-O
9.Bb2 Re8 10.e3 e5 11.d5 Ne7 12.Nd2 Nf5 13.Be2 c6 14.dxc6 bxc6 15.Rd1 Rb8
16.O-O c5 17.Qc2 Qb6 18.Bc3 Nd4 19.exd4 exd4 20.Bf3 dxc3 21.Qxc3 Bf5 22.Rfe1 h6
23.h3 Re6 24.Bd5 Ree8 25.Rxe8+ Rxe8 26.Nf1 Rb8 27.Ne3 Bg6 28.Bf3 Nd7 29.Rd2 Qxb3
30.Qxa5 Qb6 31.Qxb6 Rxb6 32.a4 Ne5 33.Bd5 Kf8 34.f4 Nd7 35.Bf3 f6 36.a5 Ra6
37.Ra2 Bf7 38.Bb7 Ra7 39.Bc6 g6 40.h4 h5 41.Rb2 Ke7 42.f5 Kd8 43.Rd2 Ne5
44.Bb5 Rxa5 45.Rxd6+ Ke7 46.Rb6 Ng4 47.Nxg4  1/2-1/2

[Event "Foxwoods Open"]
[Site "Connecticut USA"]
[Date "2001.04.13"]
[Round "2"]
[White "Bauer,Ri"]
[Black "Finegold,B"]
[Result "0-1"]
[WhiteElo "2275"]
[BlackElo "2511"]

1.e4 c5 2.Nf3 Nc6 3.Bb5 e6 4.Bxc6 bxc6 5.O-O Ne7 6.Re1 Ng6 7.d4 cxd4 8.Nxd4 Be7
9.c4 O-O 10.Nc3 c5 11.Nde2 f5 12.exf5 Rxf5 13.Ng3 Rf7 14.Nge4 Bb7 15.Be3 Rc8
16.Nd6 Bxd6 17.Qxd6 Nh4 18.f3 Nxg2 19.Kxg2 Rxf3 20.Nd5 Rf6 21.Qe5 exd5 22.cxd5 Rg6+
23.Kh1 Qf6 24.Qe4 Qh4  0-1

[Event "Foxwoods Open"]
[Site "Connecticut USA"]
[Date "2001.04.15"]
[Round "7"]
[White "Kudrin,S"]
[Black "Finegold,B"]
[Result "1-0"]
[WhiteElo "2509"]
[BlackElo "2511"]

1.e4 e5 2.Nf3 Nc6 3.Bc4 Bc5 4.c3 Nf6 5.d3 d6 6.O-O a6 7.Bb3 O-O 8.Re1 Ba7
9.h3 Ne7 10.Nbd2 Ng6 11.Nf1 c6 12.Ng3 d5 13.Bg5 h6 14.Bxf6 gxf6 15.d4 dxe4
16.Rxe4 f5 17.Nxe5 fxe4 18.Nxg6 Re8 19.Ne5 Rxe5 20.dxe5 Qh4 21.Qh5 Qxg3 22.Qxf7+ Kh8
23.e6 Qg7 24.e7 Bd7 25.Rd1 Bxf2+ 26.Qxf2 e3 27.Qxe3  1-0

[Event "NCC"]
[Site "Philadelphia USA"]
[Date "2001.11.25"]
[Round "6"]
[White "Kaliksteyn,A"]
[Black "Finegold,B"]
[Result "1/2-1/2"]
[WhiteElo "2373"]
[BlackElo "2522"]

1.c4 c5 2.Nf3 Nf6 3.Nc3 Nc6 4.g3 g6 5.Bg2 Bg7 6.d4 cxd4 7.Nxd4 O-O 8.O-O Ng4
9.e3 d6 10.b3 Nxd4 11.exd4 Nh6 12.Bb2 Nf5 13.d5 a6 14.Qd2 Qa5 15.Rfd1 b5
16.Ne4 Qxd2 17.Rxd2 bxc4 18.bxc4 Rb8 19.Bxg7 Kxg7 20.c5 dxc5 21.Nxc5 Rd8
22.Re1 h5 23.h3 Rb5 24.Rc2 Kf8 25.Rec1 Nd6 26.Nb3 Rb4 27.Na5 Ra4 28.Nc6 Re8
29.Re2 Bf5 30.Rce1 e6 31.dxe6 Rxe6 32.Ne5 Kg7 33.Bd5 Re7 34.h4 Be4 35.Bxe4 Rxe5
36.Bc6 Rxe2 37.Rxe2 Ra5 38.Kg2 Nf5 39.Rd2 Ne7  1/2-1/2

[Event "National Open"]
[Site "Las Vegas USA"]
[Date "2002.03.09"]
[Round "3"]
[White "Finegold,B"]
[Black "Vucic,M"]
[Result "1-0"]
[WhiteElo "2533"]
[BlackElo "2396"]

1.d4 Nf6 2.c4 c6 3.Nc3 d5 4.Nf3 e6 5.Bg5 h6 6.Bxf6 Qxf6 7.e3 Nd7 8.Rc1 Qd8
9.Bd3 Be7 10.O-O O-O 11.e4 dxe4 12.Nxe4 b6 13.Qe2 Bb7 14.Rfd1 Qc7 15.d5 Kh8
16.Bb1 Bf6 17.dxe6 fxe6 18.Nd6 Rfe8 19.Nxe8 Rxe8 20.Rd2 c5 21.Rcd1 Bxf3 22.Qxf3 Bd4
23.Qf7 Qc8 24.Bg6 Nf6 25.Qxa7 Rd8 26.Qxb6 e5 27.h3 Rf8  1-0

[Event "Foxwoods Open"]
[Site "Connecticut USA"]
[Date "2002.03.28"]
[Round "1"]
[White "Lewis,J"]
[Black "Finegold,B"]
[Result "0-1"]
[WhiteElo "2227"]
[BlackElo "2533"]

1.e4 c5 2.Nf3 Nc6 3.d4 cxd4 4.Nxd4 Nf6 5.Nc3 d6 6.Be2 e5 7.Nb3 Be7 8.O-O O-O
9.Be3 Be6 10.f4 exf4 11.Rxf4 Ne5 12.Nd4 Rc8 13.Qd2 Ng6 14.Rf5 Bxf5 15.Nxf5 Ne5
16.Rf1 Re8 17.Bd4 Bf8 18.Qg5 Kh8 19.Kh1 Rxc3 20.bxc3 Nxe4 21.Qf4 Nc5 22.Ne3 f6
23.Nd5 Qa5 24.Bh5 Ne6 25.Qh4 Rd8 26.Nxf6 Be7 27.Bg6 h6 28.Qh5 Rf8 29.Bd3 Bxf6  0-1

[Event "Foxwoods Open"]
[Site "Connecticut USA"]
[Date "2002.03.29"]
[Round "2"]
[White "Finegold,B"]
[Black "Hoekstra,M"]
[Result "1-0"]
[WhiteElo "2533"]
[BlackElo "2211"]

1.d4 Nf6 2.c4 e6 3.Nc3 Bb4 4.Qc2 O-O 5.Nf3 b6 6.e4 d5 7.e5 Ne4 8.Bd3 Bb7
9.O-O f5 10.exf6 Bxc3 11.bxc3 Qxf6 12.Ba3 Rd8 13.Ne5 Nd7 14.f3 Nxe5 15.fxe4 Qg5
16.Bc1 Qe7 17.dxe5 dxc4 18.Be2 Qc5+ 19.Kh1 Qxe5 20.Bf4 Qxe4 21.Qxe4 Bxe4
22.Bxc4 Bd5 23.Bxd5 Rxd5 24.Rae1 Rf8 25.Bxc7  1-0

[Event "Foxwoods Open"]
[Site "Connecticut USA"]
[Date "2002.03.30"]
[Round "5"]
[White "Pixton,A"]
[Black "Finegold,B"]
[Result "0-1"]
[WhiteElo "2432"]
[BlackElo "2533"]

1.d4 Nf6 2.Bg5 e6 3.e4 h6 4.Bxf6 Qxf6 5.c3 d6 6.Bd3 Qg5 7.Nf3 Qxg2 8.Rg1 Qh3
9.e5 Bd7 10.Nbd2 Bc6 11.Qe2 Nd7 12.O-O-O dxe5 13.dxe5 Nc5 14.Bc2 O-O-O 15.Rg3 Qh5
16.Rdg1 Be7 17.Qf1 Bg5 18.Nxg5 hxg5 19.Rxg5 Qxh2 20.Rxg7 Rxd2 21.Kxd2 Qf4+
22.Ke1 Qc1+ 23.Bd1 Rd8 24.Qe2 Nd3+  0-1

[Event "Foxwoods Open"]
[Site "Connecticut USA"]
[Date "2002.03.31"]
[Round "6"]
[White "Finegold,B"]
[Black "Zlotnikov,M"]
[Result "1-0"]
[WhiteElo "2533"]
[BlackElo "2358"]

1.d4 g6 2.e4 Bg7 3.c4 d6 4.Nc3 Nf6 5.Be2 O-O 6.Nf3 Nbd7 7.O-O e5 8.Re1 c6
9.Bf1 exd4 10.Nxd4 Re8 11.f3 a6 12.Nc2 Qc7 13.Be3 b5 14.Qd2 Ne5 15.cxb5 axb5
16.b3 Qa5 17.a4 b4 18.Na2 Be6 19.Nd4 d5 20.Nxe6 Rxe6 21.exd5 Nxd5 22.Bd4 Rae8
23.Rec1 Qd8 24.Bf2 Nd7 25.Rab1 Be5 26.g3 Bg7 27.Rc2 Ne5 28.Bg2 Qf6 29.f4 Ng4
30.Bxd5 cxd5 31.Nxb4 Qf5 32.Qxd5 Qf6 33.Rf1 Nxf2 34.Rfxf2 Qa1+ 35.Kg2 Bd4
36.Rfd2 Bc3 37.Rd1 Re2+ 38.Kh3 Qa3 39.Qc4 R2e4 40.Qxc3 Rxb4 41.Ra1 Qxb3 42.Qxb3 Rxb3
43.a5 Ra8 44.a6 Ra7 45.Rc6 Rb5 46.Ra2 Kf8 47.g4 h6 48.Kg3 Ke7 49.h4 Rb3+
50.Kg2 Kd7 51.Rf6 Ke7 52.g5 hxg5 53.hxg5 Ke8 54.Kf2 Ke7 55.Ke2 Rh3 56.Ra4 Rb3
57.Kd2 Rb2+ 58.Kc3 Rb1 59.Kc2 Rb5 60.Ra3 Rb4 61.Ra5 Rc7+ 62.Kd3 Rb3+ 63.Kd4 Rb4+
64.Kd5 Rd7+ 65.Kc5 Rbd4 66.Kb6 Rb4+ 67.Rb5 Ra4 68.f5 gxf5 69.Rbxf5 Ke8 70.Re5+  1-0

[Event "30th World Open"]
[Site "Philadelphia USA"]
[Date "2002.06.30"]
[Round "2"]
[White "Mac Intyre,P"]
[Black "Finegold,B"]
[Result "1/2-1/2"]
[WhiteElo "2252"]
[BlackElo "2527"]

1.e4 c5 2.Nf3 Nc6 3.g3 g6 4.Bg2 Bg7 5.O-O d6 6.c3 e5 7.d3 Nge7 8.a3 a5 9.a4 h6
10.Na3 Be6 11.Nd2 O-O 12.Ndc4 f5 13.Bh3 d5 14.Ne3 Qd7 15.f3 Rad8 16.Qe2 d4
17.Nec4 dxc3 18.bxc3 Qxd3 19.Qxd3 Rxd3 20.Bd2 Rfd8 21.Rf2 Nc8 22.Bf1 R3d7
23.Be3 Rd1 24.Rxd1 Rxd1 25.Kg2 Bf8 26.Rb2 Rd7 27.Kf2 h5 28.Ke1 Kf7 29.Nb6 Nxb6
30.Rxb6 Be7 31.Nc4 Rc7 32.Rb5 Bd7 33.Nxa5 Nxa5 34.Rxa5 fxe4 35.Bc4+ Be6 36.Bxe6+ Kxe6
37.fxe4 Kd7  1/2-1/2

[Event "4th Millennium Festival"]
[Site "Virginia Beach USA"]
[Date "2003.03.29"]
[Round "3"]
[White "Finegold,B"]
[Black "Fink,S"]
[Result "1-0"]
[WhiteElo "2551"]
[BlackElo "2171"]

1.d4 Nf6 2.c4 c5 3.d5 e6 4.Nc3 exd5 5.cxd5 d6 6.e4 g6 7.h3 Bg7 8.Nf3 O-O
9.Bd3 a6 10.a4 Nbd7 11.O-O Nh5 12.Bg5 Qc7 13.Re1 Rb8 14.Rc1 h6 15.Be3 Qd8
16.Bf1 b5 17.axb5 axb5 18.Nxb5 Ne5 19.Nxe5 Bxe5 20.Bxh6 Re8 21.Qd2 Ba6 22.Nc3 Bxf1
23.Rxf1 Rb4 24.g4 Nf6 25.f3 Qb6 26.Rc2 Rb8 27.Nd1 Nd7 28.Kg2 Bh8 29.Qe2 Rb3
30.Bd2 Be5 31.Bc3 Bf4 32.Nf2 Ne5 33.h4 c4 34.g5 Qd8 35.Ng4 Rxc3 36.Rxc3 Qe7
37.Nf6+ Kg7 38.Ng4 Nd3 39.Rxd3 cxd3 40.Qxd3 Rxb2+ 41.Rf2 Rxf2+ 42.Nxf2 Qa7
43.Qe2 Be5 44.Ng4 Bd4 45.f4 Qa1 46.Qf3 Qg1+ 47.Kh3 Qe1  1-0

[Event "31st World Open"]
[Site "Philadelphia USA"]
[Date "2003.07.05"]
[Round "7"]
[White "Kriventsov,S"]
[Black "Finegold,B"]
[Result "1/2-1/2"]
[WhiteElo "2408"]
[BlackElo "2539"]

1.e4 c6 2.d4 d5 3.Nc3 dxe4 4.Nxe4 Bf5 5.Ng3 Bg6 6.h4 h6 7.h5 Bh7 8.Nf3 Nd7
9.Bd3 Bxd3 10.Qxd3 e6 11.Bd2 Ngf6 12.O-O-O Be7 13.Ne4 Nxe4 14.Qxe4 Nf6 15.Qe2 Qd5
16.c4 Qe4 17.Qxe4 Nxe4 18.Be3 Nd6 19.b3 b5 20.Ne5 bxc4 21.bxc4 Bf6 22.Bf4 Bxe5
23.Bxe5 Ne4 24.Rh4 Nc3 25.Rd2 f6 26.Bh2 Na4 27.d5 cxd5 28.cxd5 Rc8+ 29.Rc2 Rxc2+
30.Kxc2 Nb6 31.dxe6 Ke7 32.Re4 Rd8 33.g4 Rc8+ 34.Kb3 Rc6 35.a4 Nd5 36.f4 Rxe6
37.Rxe6+ Kxe6 38.f5+ Kd7 39.Bg1 a6 40.Kc4 Kd6 41.Bd4 Kc6 42.Bc5 a5 43.Bf2 Kd6
44.Bd4 Kc6 45.Bc5 Nc3 46.Bf8 Nxa4 47.Bxg7 Nb6+ 48.Kd4 Nd7 49.Bxh6 Kd6 50.Bf4+ Ke7
51.Kc4 a4 52.Kb4 Nb6 53.Bc1 Kf7 54.Bb2 Nd5+ 55.Kxa4 Ne3 56.g5 Nxf5 57.Bxf6 Ng3
58.h6 Kg6 59.Be5 Nf5 60.Bf4 Kh7 61.Kb4 Ne7 62.Kc5 Ng6 63.Bc1 Nh4 64.Kd5 Ng6
65.Ke6 Nh4 66.Kf6 Ng6 67.Be3 Nh4 68.Bf2 Ng6 69.Bg3 Nh8  1/2-1/2

[Event "Chicago Open"]
[Site "Chicago USA"]
[Date "2004.05.29"]
[Round "3"]
[White "Lein,A"]
[Black "Finegold,B"]
[Result "0-1"]
[WhiteElo "2375"]
[BlackElo "2533"]

1.d4 Nf6 2.c4 g6 3.g3 Bg7 4.Bg2 O-O 5.Nc3 d6 6.Nf3 c6 7.O-O Bf5 8.b3 Ne4
9.Bb2 Nxc3 10.Bxc3 Be4 11.Qd2 Nd7 12.Bh3 Bxf3 13.exf3 d5 14.Rfe1 dxc4 15.Bxd7 Qxd7
16.bxc4 e6 17.Rad1 Rfe8 18.Kg2 b5 19.h4 bxc4 20.h5 Rab8 21.h6 Bh8 22.d5 cxd5
23.Bxh8 Kxh8 24.Qd4+ f6 25.Qxf6+ Kg8 26.Qd4 Qf7 27.Re3 Rb6 28.Qe5 Rf8 29.Qc3 Qf6
30.Re5 Ra6 31.f4 Rb8 32.Rd2 Qf8 33.Qf3 Rd6 34.Qe3 Rbb6 35.f5 gxf5 36.Qg5+ Kf7
37.Rde2 d4 38.g4 d3 39.R2e3 d2 40.gxf5 Qg8 41.fxe6+ Rxe6 42.Rf5+ Rf6 43.Rxf6+ Rxf6
44.Re7+ Kxe7 45.Qxg8 d1=Q  0-1

[Event "Chicago Open"]
[Site "Chicago USA"]
[Date "2004.05.30"]
[Round "5"]
[White "Finegold,B"]
[Black "Muhammad,S"]
[Result "1-0"]
[WhiteElo "2533"]
[BlackElo "2378"]

1.d4 Nf6 2.c4 g6 3.Nc3 Bg7 4.e4 d6 5.Be2 O-O 6.Nf3 e5 7.O-O Nc6 8.d5 Ne7
9.b4 a5 10.Ba3 Nd7 11.bxa5 Rxa5 12.Bb4 Ra8 13.a4 Bh6 14.a5 f5 15.Nd2 Nf6
16.exf5 c5 17.dxc6 Nxc6 18.Ba3 Nd4 19.fxg6 Bf5 20.gxh7+ Kh8 21.Nf3 Bc2 22.Qe1 Qxa5
23.Bxd6 Qxc3 24.Rxa8 Rxa8 25.Bxe5 Qxe1 26.Bxf6+ Kxh7 27.Rxe1 Nxe2+ 28.Rxe2 Bd3
29.Re7+ Kg6 30.Bd4 Bxc4 31.Ne5+ Kf6 32.Rxb7 Bd5 33.Rb6+ Kg5 34.h4+  1-0

[Event "National Open"]
[Site "Las Vegas USA"]
[Date "2004.06.19"]
[Round "4"]
[White "Finegold,B"]
[Black "Saidy,A"]
[Result "1-0"]
[WhiteElo "2533"]
[BlackElo "2338"]

1.d4 Nf6 2.c4 e6 3.Nc3 Bb4 4.Qc2 d5 5.cxd5 Qxd5 6.Nf3 Qf5 7.Qb3 Nc6 8.a3 Ba5
9.Bd2 O-O 10.h3 Ne4 11.Nxe4 Qxe4 12.Bxa5 Nxa5 13.Qc3 Nc6 14.e3 Bd7 15.Bd3 Qd5
16.O-O Rfd8 17.Rfd1 Rac8 18.Bc4 Qd6 19.d5 exd5 20.Rxd5 Qe7 21.Ng5 Be6 22.Nxe6 fxe6
23.Rxd8+ Nxd8 24.Rd1 Kf8 25.Rd4 c5 26.Re4 Rc6 27.Qe5 Rd6 28.Qh5 g6 29.Qe5 Nf7
30.Rf4 Kg8 31.Qc3 b6 32.h4 Qd8 33.Kh2 Qe7 34.Re4 Nd8 35.Qe5 Nf7 36.Qg3 Kf8
37.Qh3 Nd8 38.h5 g5 39.f4 gxf4 40.Rxf4+ Nf7 41.Qg3 a6 42.h6 b5 43.Qg7+ Ke8
44.Qxh7 Qf8 45.Qg7 Qxg7 46.hxg7 Nh6 47.Be2 Rd2 48.Bh5+ Ke7 49.Rf8 Rxb2 50.Rh8 Kf6
51.Rxh6+ Kxg7 52.Rxe6 a5 53.Rc6 Rc2 54.Ra6 a4 55.Be8 Rb2 56.Ra5  1-0

[Event "National Open"]
[Site "Las Vegas USA"]
[Date "2004.06.20"]
[Round "6"]
[White "Finegold,B"]
[Black "Adamson,R"]
[Result "1-0"]
[WhiteElo "2533"]
[BlackElo "2375"]

1.d4 Nf6 2.Nf3 c5 3.d5 g6 4.c4 b5 5.Qc2 bxc4 6.e4 Ba6 7.Nc3 d6 8.e5 dxe5
9.Nxe5 Bg7 10.Be3 O-O 11.Rd1 Qd6 12.Nxc4 Bxc4 13.Bxc4 Nbd7 14.h3 Nb6 15.b3 Nxc4
16.bxc4 Qa6 17.Qa4 Qd6 18.O-O a6 19.Qa5 Rfc8 20.Rb1 Nd7 21.Rfc1 f5 22.Ne2 Be5
23.Qd2 Rab8 24.g3 Rxb1 25.Rxb1 Rb8 26.Rxb8+ Qxb8 27.Qa5 Qb1+ 28.Kh2 Qb6 29.Qa4 Nf6
30.Qa3 Nd7 31.Nc1 Kf7 32.Nd3 Bd6 33.Kg2 Qb1 34.Qc3 Qb8 35.Qe1 Qc8 36.Bg5 Nb6
37.Ne5+ Bxe5 38.Qxe5 Qd7 39.Bh6 Qd6 40.Qh8 e5 41.Qxh7+ Ke8 42.Qh8+ Kf7 43.Qg7+ Ke8
44.Qg8+ Kd7 45.Qf7+ Kd8 46.Bf8 Qd7 47.Qf6+ Kc7 48.Qxe5+ Kb7 49.Bxc5 Nxc4
50.Qd4  1-0

[Event "Spring Inv"]
[Site "Chicago USA"]
[Date "2005.04.16"]
[Round "1"]
[White "Matikozian,A"]
[Black "Finegold,B"]
[Result "1/2-1/2"]
[WhiteElo "2515"]
[BlackElo "2522"]

1.e4 e5 2.Nf3 Nc6 3.Bb5 Nf6 4.Qe2 Bc5 5.c3 O-O 6.O-O Re8 7.Rd1 Bf8 8.d3 d6
9.Nbd2 Bd7 10.Qe1 a6 11.Ba4 Nd4 12.Bxd7  1/2-1/2

[Event "Spring Inv"]
[Site "Chicago USA"]
[Date "2005.04.17"]
[Round "3"]
[White "Van de Mortel,J"]
[Black "Finegold,B"]
[Result "0-1"]
[WhiteElo "2410"]
[BlackElo "2522"]

1.d4 Nf6 2.Nf3 g6 3.Nc3 d5 4.Bf4 Bg7 5.e3 O-O 6.Be2 b6 7.Ne5 Bb7 8.h4 Nbd7
9.f3 Nxe5 10.Bxe5 Ne8 11.Bxg7 Nxg7 12.f4 e5 13.fxe5 f6 14.Bf3 fxe5 15.dxe5 c6
16.Qd2 Qe8 17.O-O-O Rd8 18.h5 gxh5 19.Qd4 c5 20.Qh4 Qxe5 21.Rde1 Rde8 22.Bxh5 Nxh5
23.Qxh5 Qxh5 24.Rxh5 d4 25.Nd1 Rf7 26.Rg5+ Rg7 27.Rxg7+ Kxg7 28.Kd2 Re4 29.exd4 Rxd4+
30.Kc1 Kf6 31.Rh1 Kg6 32.Rf1 h5 33.Ne3 h4 34.Rf2 Bc8 35.b3 Be6 36.Rf8 Kg5
37.a3 Rf4 38.Re8 Bf7 39.Re7 a5 40.Kd2 Rf6 41.Re4 Rd6+ 42.Ke2 Rd4 43.Re5+ Kf6
44.Rf5+ Kg6 45.a4 Re4 46.Rf1 Be6 47.Rf8 Kg5 48.Kf3 Rd4 49.Ke2 c4 50.bxc4 Bxc4+
51.Kf3 Be6 52.Rb8 Rd6 53.Ke4 Bd7 54.c4 Bxa4 55.Nd5 Bb3 56.Ke5 Rg6 57.Ne7 Rg7
58.Nf5 Rc7 59.Rg8+ Kh5 60.Ng7+ Kh6 61.Ne6 Bxc4 62.Rh8+ Rh7 63.Re8 Bxe6 64.Rxe6+ Kg5
65.Rxb6 Re7+ 66.Kd4 Ra7 67.Rb3 a4 68.Ra3 Kg4 69.Ke4 Ra5 70.Kd4 Kf4 71.Rf3+ Kg4
72.Ra3 Rf5 73.Ke3 Rf4 74.Ke2 Rb4 75.Kf2 Kf4 76.Rf3+ Ke5 77.Re3+ Kd4 78.Re8 Kc4
79.Ke3 Kb3 80.Kd2 Kb2 81.Rc8 a3 82.Rc2+ Kb3 83.Rc3+ Ka4 84.Rc8 a2 85.Kc2 Rg4
86.Kb2 Rxg2+ 87.Ka1 Rg1+ 88.Kxa2 Rg2+ 89.Kb1 h3 90.Rh8 h2 91.Kc1 Rg1+ 92.Kd2 h1=Q  0-1

[Event "Spring Inv"]
[Site "Chicago USA"]
[Date "2005.04.22"]
[Round "11"]
[White "Finegold,B"]
[Black "Kraai,J"]
[Result "1/2-1/2"]
[WhiteElo "2522"]
[BlackElo "2416"]

1.e4 d6 2.d4 Nf6 3.Nc3 g6 4.f4 Bg7 5.Nf3 c5 6.Bb5+ Bd7 7.e5 Ng4 8.e6 Bxb5
9.exf7+ Kxf7 10.Ng5+ Ke8 11.Ne6 Bxd4 12.Nxd8 Bf2+ 13.Kd2 Be3+ 14.Ke1 Bf2+
15.Kd2  1/2-1/2

[Event "National Open Blitz Playoff"]
[Site "Las Vegas USA"]
[Date "2005.06.12"]
[Round "1.2"]
[White "De Firmian,N"]
[Black "Finegold,B"]
[Result "0-1"]
[WhiteElo "2549"]
[BlackElo "2522"]

1.e4 c5 2.Nf3 Nc6 3.d4 cxd4 4.Nxd4 Nf6 5.Nc3 d6 6.Bc4 e6 7.Be3 a6 8.Bb3 Be7
9.Qe2 O-O 10.O-O-O Qe8 11.Rhg1 Nd7 12.g4 Nc5 13.Kb1 Bd7 14.f4 b5 15.f5 Nxb3
16.axb3 b4 17.Na4 Nxd4 18.Rxd4 Bxa4 19.bxa4 Qxa4 20.g5 Rfc8 21.b3 Qe8 22.Qg4 exf5
23.exf5 Bf8 24.Bc1 a5 25.Re4 Qc6 26.Rc4 Qd5 27.g6 Rxc4 28.gxh7+ Kh8 29.bxc4 Qb7
30.Qd4 f6 31.Re1 b3 32.Qd5 bxc2+ 33.Kxc2 Qxd5 34.cxd5 Kxh7 35.Ba3 g6 36.fxg6+ Kxg6
37.Re6 Rc8+ 38.Kb3 Kf7 39.Ka4 Be7 40.Kxa5 Ra8+ 41.Kb4 Rh8 42.Re2 f5 43.Bb2 Rh4+
44.Kb3 f4 45.Rf2 Bf6 46.Bxf6 Kxf6 47.Kc4 Kf5 48.Kd4 Rh8 49.Kc4 Rc8+ 50.Kd4 Rc1
51.h4 Ra1 52.Kc4 Ra4+ 53.Kb5  0-1

[Event "National Open Blitz Playoff"]
[Site "Las Vegas USA"]
[Date "2005.06.12"]
[Round "1.1"]
[White "Finegold,B"]
[Black "Sharavdorj,D"]
[Result "1/2-1/2"]
[WhiteElo "2522"]
[BlackElo "2453"]

1.d4 Nf6 2.c4 g6 3.Nc3 Bg7 4.e4 d6 5.Be2 O-O 6.Nf3 e5 7.dxe5 dxe5 8.Qxd8 Rxd8
9.Bg5 Nbd7 10.O-O-O Rf8 11.Nd5 c6 12.Ne7+ Kh8 13.Nxc8 Raxc8 14.Nd2 Nc5 15.f3 Ne6
16.Be3 Nd4 17.Bxd4 exd4 18.c5 Nd7 19.Nb3 b6 20.cxb6 axb6 21.Nxd4  1/2-1/2

[Event "Winter Invitational"]
[Site "Chicago USA"]
[Date "2006.01.10"]
[Round "3"]
[White "Finegold,B"]
[Black "Mitkov,N"]
[Result "1/2-1/2"]
[WhiteElo "2563"]
[BlackElo "2552"]

1.d4 Nf6 2.c4 e6 3.Nf3 d5 4.Nc3 Bb4 5.cxd5 exd5 6.Bg5 h6 7.Bh4 g5 8.Bg3 Ne4
9.Nd2 Nxc3 10.bxc3 Bxc3 11.Rc1 Bb2 12.Bxc7 Qe7 13.Bd6 Qe6 14.Rb1 Bc3 15.Ba3 Nc6
16.e3 Bxd4 17.Bb5 Be5 18.O-O Bd6 19.Bxd6 Qxd6 20.Ne4 Qe5 21.Qxd5 Qxd5 22.Nf6+ Kf8
23.Nxd5 Ne7 24.Nxe7 Kxe7 25.Rfc1 Kf6 26.Rc7 Be6 27.Rxb7 Bxa2 28.Ra1 Rhb8
29.Rxb8 Rxb8 30.Rxa2 Rxb5 31.h4 a5 32.hxg5+ hxg5 33.Kh2 Ke5 34.Ra4 Kd6 35.Kg3 Kc6
36.f4 gxf4+ 37.exf4 Rd5 38.Kh4 Kb5 39.Ra1 a4 40.g4 Rd8 41.f5 Kb4 42.g5 a3
43.Kh5 Kb3  1/2-1/2

[Event "Winter Invitational"]
[Site "Chicago USA"]
[Date "2006.01.11"]
[Round "5"]
[White "Finegold,B"]
[Black "Smetankin,S"]
[Result "1/2-1/2"]
[WhiteElo "2563"]
[BlackElo "2485"]

1.d4 Nf6 2.c4 c5 3.d5 e6 4.Nc3 exd5 5.cxd5 d6 6.e4 g6 7.h3 Bg7 8.Nf3 O-O
9.Bd3 a6 10.a4 Nbd7 11.O-O Qe7 12.Re1 Nh5 13.Bg5 Bf6 14.Bh6 Re8 15.Qd2 Ne5
16.Be2 Nxf3+ 17.Bxf3 Ng7 18.Bf4 Be5 19.Rab1 Bd7 20.b4 Rec8 21.Bxe5 Qxe5 22.bxc5 Rxc5
23.Rxb7 Bxh3 24.Ne2 Bc8 25.Rb6 Bd7 26.a5 Ne8 27.Nd4 Bb5 28.Rb1 Nc7 29.g3 h5
30.Bg2 Rd8 31.Nxb5 axb5 32.Rc1 Ra8 33.f4 Rxc1+ 34.Qxc1 Qd4+ 35.Kh2 Ne8 36.Qg1  1/2-1/2

[Event "Winter Invitational"]
[Site "Chicago USA"]
[Date "2006.01.11"]
[Round "6"]
[White "Georgiev,Vl"]
[Black "Finegold,B"]
[Result "1/2-1/2"]
[WhiteElo "2538"]
[BlackElo "2563"]

1.d4 Nf6 2.c4 g6 3.Nc3 Bg7 4.e4 d6 5.Bd3 O-O 6.Nge2 Nc6 7.O-O Nh5 8.Bc2 e5
9.d5 Ne7 10.Kh1 f5 11.exf5 gxf5 12.Ng1 Nf4 13.g3 Nfg6 14.f4 c6 15.a4 cxd5
16.cxd5 b6 17.Nf3  1/2-1/2

[Event "Winter Invitational"]
[Site "Chicago USA"]
[Date "2006.01.12"]
[Round "8"]
[White "Goletiani,R"]
[Black "Finegold,B"]
[Result "0-1"]
[WhiteElo "2378"]
[BlackElo "2563"]

1.Nf3 Nf6 2.b3 g6 3.Bb2 Bg7 4.e3 O-O 5.c4 d6 6.d4 Nbd7 7.Be2 e5 8.dxe5 dxe5
9.Nc3 e4 10.Nd4 a6 11.Qd2 Ne5 12.O-O-O Qe7 13.f4 exf3 14.gxf3 b5 15.cxb5 axb5
16.Ndxb5 Ba6 17.Ba3 c5 18.Qd6 Qxd6 19.Rxd6 Bxb5 20.Nxb5 Rfb8 21.Rhd1 Ne8
22.R6d5 c4 23.bxc4 Nc6 24.R1d3 Na5 25.Rd2 Nf6 26.Rd6 Rc8 27.Rc2 Ne8 28.Rd1 Nc6
29.Bc5 Ra4 30.Nd6 Bf8 31.Nxc8 Bxc5 32.Rd5 Bxe3+ 33.Kd1 Kg7 34.Nd6 Nf6 35.Rd3 Bc5
36.a3 Ne5 37.Rdd2 Rxa3 38.f4 Nc6 39.Ra2 Bxd6 40.Rxd6 Rxa2 41.Rxc6 Ne4 42.Bf3 Nf2+
43.Ke1 Nd3+ 44.Kd1 Nxf4 45.h4 Ra3 46.Be4 h5 47.c5 Ne6 48.Rc8 Ra4 49.Bd3 Kf6
50.c6 Rxh4 51.c7 Rd4 52.Kc2 Rd6 53.Bxg6 Rc6+ 54.Kd2 fxg6  0-1

[Event "ch-USA GpA"]
[Site "San Diego USA"]
[Date "2006.03.09"]
[Round "7"]
[White "Finegold,B"]
[Black "Florean,A"]
[Result "1-0"]
[WhiteElo "2563"]
[BlackElo "2426"]

1.d4 Nf6 2.c4 g6 3.Nc3 Bg7 4.e4 d6 5.Be2 O-O 6.Nf3 e5 7.O-O exd4 8.Nxd4 Re8
9.f3 Nc6 10.Be3 Nh5 11.Qd2 Nf4 12.Rfd1 Nxd4 13.Bxd4 Bxd4+ 14.Qxd4 Nxe2+ 15.Nxe2 b6
16.b4 a5 17.a3 Bb7 18.Rac1 axb4 19.axb4 Qg5 20.Nc3 Bc6 21.Qd2 Qxd2 22.Rxd2 Ra7
23.Kf2 h5 24.h4 Kf8 25.Ne2 Ke7 26.c5 bxc5 27.bxc5 dxc5 28.Rxc5 Bd7 29.Nd4 Rea8
30.Kg3 f6 31.Rdc2 Ra4 32.Ne2 c6 33.Nf4 Kf7 34.Rd2 Be8 35.Rb2 R4a7 36.e5 fxe5
37.Rxe5 Rc8 38.Rg5 Kf6 39.Rd2 Rg7 40.Kf2 Rcc7 41.Rd6+ Ke7 42.Re6+ Kd7 43.Re3 Rh7
44.Ne6  1-0

[Event "Spring NAm GMA"]
[Site "Schaumburg USA"]
[Date "2006.04.20"]
[Round "6"]
[White "Kriventsov,S"]
[Black "Finegold,B"]
[Result "1/2-1/2"]
[WhiteElo "2449"]
[BlackElo "2563"]

1.e4 c5 2.Nf3 Nc6 3.d4 cxd4 4.Nxd4 Nf6 5.Nc3 d6 6.Bg5 e6 7.Qd2 a6 8.O-O-O h6
9.Be3 Bd7 10.f3 b5 11.Nxc6 Bxc6 12.Kb1 Be7 13.g4 d5 14.e5 Nd7 15.Bd4 Qc7
16.Qe3 b4 17.Ne2 Bb5 18.Nc1 Rc8 19.Rd2 h5 20.Bxb5 axb5 21.Rg1 hxg4 22.Rxg4 g6
23.b3 Rh5 24.Re2 Rh3 25.Nd3 Nc5 26.Nf4 Rh7 27.Qg1 Kd7 28.Rd2 g5 29.Ne2 Rch8
30.Nc1 Rh3 31.Qg2 R3h4 32.Qg1 Rxg4 33.Qxg4 Rh4 34.Qg3 Qc8 35.Be3 Qh8 36.Bxg5 Bxg5
37.Qxg5 Rxh2 38.Rxh2 Qxh2 39.Qe3 Kc6 40.Ne2 Qh1+ 41.Kb2 Qd1 42.Nd4+ Kb6 43.Qf2 Qd3
44.Ne2 Qf5 45.Qe3 f6 46.f4 fxe5 47.fxe5 Qe4 48.Qxe4 dxe4 49.Nf4 Nd7 50.c3  1/2-1/2